00455nam a2200169Ia 4500999001700000003000400017005001700021008004100038040000900079082002200088100002500110245004900135260002900184300000900213650001300222942005000235 c26694d26694OSt20210108162140.0190216s9999||||xx |||||||||||||| ||und|| coclc a894.812301bPAD/V aPadmanabhan, T97032 0aVeedu Nashtapetta Oru Kutty /cT Padmanabhan bPk Brothers,aKozhikode: a100p aKathakal cBK2ddch894.812301iPAD/Vk894.812301mPAD/V